Φυσική : μηχανική, κυματική, θερμοδυναμική

Αποθηκεύτηκε σε:
Λεπτομέρειες βιβλιογραφικής εγγραφής
Κύριοι συγγραφείς: Halliday, David, 1916-2010 (Συγγραφέας), Resnick, Robert, 1923-2014 (Συγγραφέας), Walker, Jearl, 1945- (Συγγραφέας)
Άλλοι συγγραφείς: Παπανικόλας, Κωνσταντίνος (Επιμελητής έκδοσης), Καραμπαρμπούνης, Ανδρέας (Επιμελητής έκδοσης), Βαλαδάκης, Ανδρέας (Μεταφραστής)
Μορφή: Βιβλίο
Γλώσσα:Greek
English
Δημοσίευση: Αθήνα : Gutenberg, c2012.
Θέματα:
Ετικέτες: Προσθήκη ετικέτας
Δεν υπάρχουν, Καταχωρήστε ετικέτα πρώτοι!

MARC

LEADER 00000nam a2200000 a 4500
001 1/126613
008 230518t2012####gr | ||| |||| ||gre||
020 |a 9789600114935  |q (χαρτόδετο)  
020 |a 9789600114928   |q (set) 
040 |a GR-MyUa  |b gre  |c GR-MyUa  |e AACR2 
041 1 |a gre  |h eng 
082 7 |a 530   |2 (23)  
100 1 |a Halliday, David,   |d 1916-2010,  |e aut 
245 1 0 |a Φυσική :   |b μηχανική, κυματική, θερμοδυναμική /   |c Halliday D. , Resnick R. , Walker J. ; γενική επιμέλεια Παπανικόλας Κωνσταντίνος ; επιστημονική επιμέλεια Καραμπαρμπούνης Α. , Κοέν Σ. , Σπυράκης Π. , Τζανετάκης Π. ; επιμέλεια Βαλαδάκης Α. , Κυρίτσης Κ. ; μετάφραση Βαλαδάκης Α. , Γραμμένος Φ. , Καρατάσου Σ. , Κυρίτσης Κ. , Παναγοπούλου Π. , Σοκοδήμος Α. , Σπυριδάκη Μ.  
260 |a Αθήνα :   |b Gutenberg,   |c c2012.  
300 |a xiii, 730 σ. :   |b διαγρ., έγχρ. εικ., πίν., σχέδια, φωτ.   |c 28 εκ.  
500 |a Μετάφραση του: Fundamentals of physics.  
504 |a Περιλαμβάνει παραρτήματα και απαντήσεις.  
505 8 |a Πρόλογος του Επιμελητή, πρόλογος της ξενόγλωσσης έκδοσης - ΜΕΡΟΣ ΠΡΩΤΟ: Μετρήσεις, Κίνηση σε ευθεία γραμμή, Διανύσματα, Κίνηση σε δύο και τρεις διαστάσεις, Δύναμη και κίνηση - 1, Δύναμη και κίνηση - 2, Κινητική ενέργεια και έργο, Δυναμική ενέργεια και διατήρηση της ενέργειας, Κέντρο μάζας και γραμμική ορμή, Περιστροφή, Κύλιση, ροπή και στροφορμή - ΜΕΡΟΣ ΔΕΥΤΕΡΟ: Ισορροπία και ελαστικότητα, Βαρύτητα, Ρευστά, Ταλαντώσεις, Κύματα - 1, Κύματα - 2, Θερμοκρασία, θερμότητα και ο πρώτος νόμος της θερμοδυναμικής, Η κινητική θεωρία των αερίων, Εντροπία και ο δεύτερος νόμος της θερμοδυναμικής. Παραρτήματα. Απαντήσεις.  
650 0 |a Physics. 
700 1 |a Resnick, Robert,   |d 1923-2014,  |e aut 
700 1 |a Walker, Jearl,   |d 1945-  |e aut 
700 1 |a Παπανικόλας, Κωνσταντίνος,  |e edt 
700 1 |a Καραμπαρμπούνης, Ανδρέας,  |e edt 
700 1 |a Βαλαδάκης, Ανδρέας,  |e trl 
852 |a INST  |b CHIOS  |e 20230518  |h 530 HAL  |p 005200040505  |q 005200040505  |t BK  |v τομ.1:  |y 0 
852 |a INST  |b CHIOS  |e 20230518  |h 530 HAL  |p 005200040506  |q 005200040506  |t BK  |v τομ.1:  |y 0 
853 |a INST  |b CHIOS  |h 530 HAL 
920 |a Ευδοξος  |b Παραγγελία  |y Χίος-ΤΜΟΔ  |z 2023-05 
970 |a Παροικάκη  |b Βασιλική  |z 18/05/2023